|
|
|
|
| LEADER |
00000nab a2200000uu 4500 |
| 001 |
vtls010893725 |
| 003 |
SK-MaSNL |
| 005 |
20260303110238.0 |
| 008 |
230121|2005 xo |||||||||||||||||slo| |
| 015 |
|
|
|a SNBRB
|
| 035 |
|
|
|a (urnnbn)urn:nbn:sk:snk:ar-006clb
|
| 035 |
|
|
|a (uuid)827d92ea-d98f-4d07-8c8a-65dc683b52e3
|
| 035 |
|
|
|a urn:nbn:sk:snk-ab8myp
|
| 040 |
|
|
|a SNKBUCL
|b slo
|c SNKBUCL
|e AACR2
|
| 041 |
0 |
|
|a slo
|
| 044 |
|
|
|a xo
|c SK
|
| 100 |
1 |
|
|a Majerčáková, Oľga
|4 aut
|9 8190
|
| 245 |
1 |
0 |
|a VI. KONFERENCIA HYDROLOGICKÉ DNI 2005 A SÚŤAŽE MLADÝCH ODBORNÍKOV
|c Oľga Majerčáková
|
| 773 |
0 |
|
|t Meteorologický časopis
|g Roč. 8, č. 3 (2005), s. 167-168
|
| 954 |
|
|
|a odborná, vedecká literatúra pôvodná (slovenská)
|2 lita
|
| 958 |
|
|
|a OND
|
| 958 |
|
|
|a EUIPO
|
| 958 |
|
|
|a article10
|
| 999 |
|
|
|c 1868913
|d 1870843
|